NFC based hotel management system / (Record no. 4447)
[ view plain ]
| 000 -LEADER | |
|---|---|
| fixed length control field | 00890nam a2200277 ar4500 |
| 001 - CONTROL NUMBER | |
| control field | 4449 |
| 005 - DATE AND TIME OF LATEST TRANSACTION | |
| control field | 20221127090946.0 |
| 006 - FIXED-LENGTH DATA ELEMENTS--ADDITIONAL MATERIAL CHARACTERISTICS | |
| fixed length control field | a a 000 0 |
| 008 - FIXED-LENGTH DATA ELEMENTS--GENERAL INFORMATION | |
| fixed length control field | 160202 su a | 000 0|eng d |
| 090 ## - LOCALLY ASSIGNED LC-TYPE CALL NUMBER (OCLC); LOCAL CALL NUMBER (RLIN) | |
| Classification number (OCLC) (R) ; Classification number, CALL (RLIN) (NR) | SP-N |
| 100 1# - MAIN ENTRY--PERSONAL NAME | |
| Personal name | Al Hassan, Meshael. |
| 245 10 - TITLE STATEMENT | |
| Title | NFC based hotel management system / |
| Statement of responsibility, etc. | by Meshael Al Hassan, Abdullah Al Kadi. |
| 246 10 - VARYING FORM OF TITLE | |
| Title proper/short title | Near Field Communication based hotel management system. |
| 260 ## - PUBLICATION, DISTRIBUTION, ETC. | |
| Date of publication, distribution, etc. | [2016?]. |
| 300 ## - PHYSICAL DESCRIPTION | |
| Extent | [6], 74 leaves : |
| Other physical details | illustrations ; |
| Dimensions | 30 cm. |
| 500 ## - GENERAL NOTE | |
| General note | Supervisor: Dr. Adeel Baig. |
| 504 ## - BIBLIOGRAPHY, ETC. NOTE | |
| Bibliography, etc. note | Includes bibl. references. |
| 526 ## - STUDY PROGRAM INFORMATION NOTE | |
| Program name | Student project. |
| 563 ## - BINDING INFORMATION | |
| Binding note | Hard bound. |
| 650 #4 - SUBJECT ADDED ENTRY--TOPICAL TERM | |
| Topical term or geographic name entry element | Near field communication. |
| 650 #4 - SUBJECT ADDED ENTRY--TOPICAL TERM | |
| Topical term or geographic name entry element | Wireless communication systems. |
| 650 #4 - SUBJECT ADDED ENTRY--TOPICAL TERM | |
| Topical term or geographic name entry element | Mobile communication systems. |
| 650 #4 - SUBJECT ADDED ENTRY--TOPICAL TERM | |
| Topical term or geographic name entry element | Hotels |
| General subdivision | Communication systems. |
| 650 #4 - SUBJECT ADDED ENTRY--TOPICAL TERM | |
| Topical term or geographic name entry element | Hotels |
| General subdivision | Management. |
| 700 0# - ADDED ENTRY--PERSONAL NAME | |
| Personal name | Al Kadi, Abdullah. |
No items available.
